000 00618nam a2200229 a 4500
999 _c6700
_d6700
001 6700
003 BD-JhCC
005 20180329180258.0
008 180128s1965 xxk 000 0 eng d
035 _a(BD-JhCC)6700
040 _aBD-JhCC
_cUKM
_dBD-JhCC
041 _aeng
082 _a910.09164
_218
_bDAN 1965
100 1 _aDana, Richard Henry,
_cJr.,
_d1815-1882.
245 1 0 _aTwo years before the mast /
_cRichard Henry Dana,
260 _aBlackie,
_c1965
300 _a232 p. ;
_c19 cm
650 _aVoyages and Travels
_xSeafaring Life
830 0 _aFamous books ;
_v18
942 _2ddc
_cBK